000 00834nam a2200265Ia 4500
003 OSt
005 20221005062402.0
006 a|||||r|||| 00| 0
007 ta
008 221004b |||||||| |||| 00| 0 eng d
020 _a9780415772181 (pbk)
_c1804.94
024 _a99243
037 _b053, 29/10/2009, Independent Publishers Group
_cTextual
040 _aCRL
_cCRL
_beng
041 _2eng
_aeng
082 _aV1:19, P8
100 _aFerguson Yale H.
245 0 _aWorld of polities
_b Essays on global politics
260 _aLondon
_bRoutledge UK
_c2008
300 _avi, 268p.
_ccm.
650 _aPOLITICAL SCIENCE
700 _a Mansbach Richard W.
942 _hV1:19, P8
_cTEXL
_2cc
999 _c969606
_d969606